000 00739nam a22002297a 4500
005 20240530110952.0
008 221204s2009 au a f b 000 0 eng d
017 _a2006/7/1990
040 _aEG-CaGPL
_cEG-CaGPL
082 0 4 _221
_a616.466
_bب م
100 0 _aبزار على جوكل
245 1 0 _aمعالجة السكرى بالتمرينات الرياضية /
_cتاليف بزار على جوكل
250 _aط.1
260 _aعمان :
_bدار دجلة،
_c2009
300 _a143 ص. ؛
_c24 سم.
650 0 7 _2qrmak
_aمرض السكر
650 0 7 _aالتمرينات الرياضية
651 _2qrmak
700 _aبزار على جوكل
942 _2ddc
_cBK
999 _c67010
_d67010